Biochemical engineering and biotechnology / (Record no. 22990)
[ view plain ]
| 000 -LEADER | |
|---|---|
| fixed length control field | 02357cam a22003735a 4500 |
| 001 - CONTROL NUMBER | |
| control field | 017529588 |
| 003 - CONTROL NUMBER IDENTIFIER | |
| control field | Uk |
| 005 - DATE AND TIME OF LATEST TRANSACTION | |
| control field | 20161102130418.0 |
| 006 - FIXED-LENGTH DATA ELEMENTS--ADDITIONAL MATERIAL CHARACTERISTICS--GENERAL INFORMATION | |
| fixed length control field | m || d | |
| 007 - PHYSICAL DESCRIPTION FIXED FIELD--GENERAL INFORMATION | |
| fixed length control field | cr ||||||||||| |
| 008 - FIXED-LENGTH DATA ELEMENTS--GENERAL INFORMATION | |
| fixed length control field | 150829t2015 ne a frb 001 0|eng d |
| 015 ## - NATIONAL BIBLIOGRAPHY NUMBER | |
| National bibliography number | GBB6A0437 |
| Source | bnb |
| 020 ## - INTERNATIONAL STANDARD BOOK NUMBER | |
| International Standard Book Number | 9780444633774 |
| 020 ## - INTERNATIONAL STANDARD BOOK NUMBER | |
| International Standard Book Number | 0444633774 |
| 020 ## - INTERNATIONAL STANDARD BOOK NUMBER | |
| Cancelled/invalid ISBN | 9780444633576 |
| 037 ## - | |
| -- | 9780444633774 |
| -- | Ingram Content Group |
| 040 ## - CATALOGING SOURCE | |
| Original cataloging agency | Uk |
| Language of cataloging | eng |
| Transcribing agency | Uk |
| Modifying agency | EG-ScBUE |
| 082 04 - DEWEY DECIMAL CLASSIFICATION NUMBER | |
| Classification number | 660.63 |
| Edition number | 22 |
| Item number | NAJ |
| 100 1# - MAIN ENTRY--PERSONAL NAME | |
| Personal name | Najafpour, Ghasem D. |
| 245 10 - TITLE STATEMENT | |
| Title | Biochemical engineering and biotechnology / |
| Statement of responsibility, etc | Ghasem D. Najafpour. |
| 250 ## - EDITION STATEMENT | |
| Edition statement | 2nd ed. |
| 260 ## - PUBLICATION, DISTRIBUTION, ETC. (IMPRINT) | |
| Place of publication, distribution, etc | Amsterdam : |
| Name of publisher, distributor, etc | Elsevier, |
| Date of publication, distribution, etc | c.2015. |
| 300 ## - PHYSICAL DESCRIPTION | |
| Extent | xvi, 652 p. : |
| Other physical details | ill. ; |
| Dimensions | 24 cm. |
| 500 ## - GENERAL NOTE | |
| General note | Index : p. 633-652. |
| 504 ## - BIBLIOGRAPHY, ETC. NOTE | |
| Bibliography, etc | Includes bibliographical references. |
| 505 0# - FORMATTED CONTENTS NOTE | |
| Formatted contents note | <p>Chapter 1. Industrial Microbiology, an Introduction for Chemical Engineers</p> <p>Chapter 2. Dissolved Oxygen Measurement, Mixing and Mass Transfer</p> <p>Chapter 3. Gas and Liquid System (Aeration and Agitation in Bioprocesses)</p> <p>Chapter 4. Fermentation Process Integration and Control System</p> <p>Chapter 5. Enzyme and Microbial Growth Kinetics</p> <p>Chapter 6. Bioreactor Design and Actual Applications in Process Scale-up </p> <p>Chapter 7. Downstream Processing, Bioprocess separation and purifications</p> <p>Chapter 8. Techniques of Immobilization, Immobilization of Microbial Cells for the Production of Organic Acid and Ethanol</p> <p>Chapter 9. Extended Mass balance; Material and Elemental Balance</p> <p>Chapter 10. Application of Bioprocesses; Fermentation Technology</p> <p>Chapter 11. Solid State and submerged Fermentations; Enzyme productions and Production of Antibiotics</p> <p>Chapter 12. Production of Citric Acid from Waste Sources</p> <p>Chapter 13. Bioreactor Scale-up Calculation</p> <p>Chapter 14. Production of Single-Cell Protein from Waste Sources</p> <p>Chapter 15. Fermentation Process Sterilisation</p> <p>Chapter 16. Membrane Separation Processes; Biological Applications</p> <p>Chapter 17. Advanced Downstream Process Technologies in Biotechnology</p> |
| 530 ## - ADDITIONAL PHYSICAL FORM AVAILABLE NOTE | |
| Additional physical form available note | Also issued in print format. |
| 590 ## - LOCAL NOTE (RLIN) | |
| Local note | Sameh |
| 650 #7 - SUBJECT ADDED ENTRY--TOPICAL TERM | |
| Topical term or geographic name as entry element | Biochemical engineering. |
| Source of heading or term | BUEsh |
| 9 (RLIN) | 19460 |
| 650 #7 - SUBJECT ADDED ENTRY--TOPICAL TERM | |
| Topical term or geographic name as entry element | Biotechnology. |
| Source of heading or term | BUEsh |
| 9 (RLIN) | 39645 |
| 651 ## - SUBJECT ADDED ENTRY--GEOGRAPHIC NAME | |
| Source of heading or term | BUEsh |
| 653 ## - INDEX TERM--UNCONTROLLED | |
| Resource For college | Engineering, General |
| Arrived date list | November2016 |
| 942 ## - ADDED ENTRY ELEMENTS (KOHA) | |
| Source of classification or shelving scheme | Dewey Decimal Classification |
| Withdrawn status | Item status | Source of classification or shelving scheme | Damaged status | Not for loan | Vendor | Home library | Current library | Shelving location | Date acquired | Source of acquisition | Cost, normal purchase price | Serial Enumeration / chronology | Total Checkouts | Total Renewals | Full call number | Barcode | Date last seen | Date last borrowed | Cost, replacement price | Koha item type |
|---|---|---|---|---|---|---|---|---|---|---|---|---|---|---|---|---|---|---|---|---|
| Dewey Decimal Classification | Baccah | Central Library | Central Library | First floor | 02/11/2016 | Purchase | 1870.00 | 3636 | 4 | 2 | 660.63 NAJ | 000034254 | 15/07/2025 | 07/02/2023 | 2338.00 | Book - Borrowing |